000 00597nam a2200241Ia 4500
003 OSt
005 20221005085932.0
006 a|||||r|||| 00| 0
007 ta
008 221004b |||||||| |||| 00| 0 eng d
024 _a33058
037 _cTextual
040 _aCRL
_cCRL
_beng
041 _2eng
_aeng
082 _aN2, J2
100 _aStruppeck Jules
_9614709
245 0 _aCreation of sculpture
260 _aNew York
_bHenry Hat USA
_c1952
300 _a260p
_ccm.
650 _aARTS
942 _hN2, J2
_cTEXL
_2cc
999 _c995025
_d995025